000 00700nam a22002177a 4500
005 20170124110216.0
010 _aA-949931
020 _c175.00
035 _aA-949931
037 _bCen Lib/Ret
040 _aDPL
_bEN
082 _a954.08
_bRIZ
100 _aRizvi, Syed Sifarish Husain
_939164
245 _aPartition :
_cby Syed Sifarish Husain Rizvi
_bend product of the trend /
260 _aPatna
_bKhuda Bakhsh Oriental Public Library
300 _axxxvi,256p.
_c21cm(Hb)
500 _aIncludes bibliographical references
650 _aHistory -- British occupation, 1765-1947
_939165
650 _aHistory -- Partition, 1947
_939166
942 _2ddc
_cEN
_h954.08
_mRIZ
999 _c133879
_d133879